Statystyki dla Państwa najbliższe Łotwy

Kliknij tutaj aby rozwiązać quiz!

Ogólne statystyki

  • Ten quiz został rozwiązany 409 razy
  • Średni wynik to 18 z 20

Statystyki odpowiedzi

kmPaństwo% Poprawnych
0Litwa
100%
0Rosja
100%
0Białoruś
99%
0Estonia
99%
497Niemcy
99%
192Polska
99%
209Finlandia
98%
448Ukraina
98%
784Słowacja
97%
145Szwecja
97%
680Czechy
96%
601Norwegia
95%
378Dania
93%
878Węgry
92%
864Austria
87%
840Rumunia
87%
819Mołdawia
81%
1074Słowenia
79%
1111Chorwacja
69%
945Holandia
69%

Rozkład punktacji

Percentyl według liczby udzielonych odpowiedzi

Procent ludzi z każdym wynikiem

Twoja historia wyników

Nie rozwiązałeś tego quizu